| 000 | 02009nam a2200349 i 4500 | ||
|---|---|---|---|
| 003 | EG-GICUC | ||
| 005 | 20260210105315.0 | ||
| 008 | 260210s2003 ua ||||fr|||| 00| 0 ara d | ||
| 017 | _a2003/20016 | ||
| 040 |
_a EG-GICUC _bara _c EG-GICUC _d EG-GICUC _erda |
||
| 041 | _aara | ||
| 082 | 0 | 4 |
_221 _a343 _bأ س . م |
| 092 | 0 | 4 | _221 |
| 099 | _aLaw1 10 343 أ س . م 1 ed - 2003 | ||
| 100 | 0 |
_aأسامة كامل _eمؤلف. |
|
| 245 | 1 | 2 |
_aالمظاهر الخارجية في القانون الجنائي : _bدراسة مقارنة / _cتأليف الدكتور أسامة كامل. |
| 250 | _aالطبعة الأولى | ||
| 264 | 1 |
_aمصر : _bأسامة كامل، _c2003. |
|
| 300 |
_a647 صفحة ; _c24 سم. |
||
| 336 |
_2rda content _atext |
||
| 337 |
_2rda media _aComputer |
||
| 338 |
_2rda carrier _aOnline Resource |
||
| 500 | _aصفحة غلاف الامامية تحتوى على الاتى: . هل كل الحالات الظاهرة أو الشواهد كمظاهر خارجية تعبر عن حقائق دائما . إن الإجابة بالطبع ستكون بالنفي وإلا ما كانت هناك جرائم نصب أو تزوير محررات أو تزييف عملة أو شهادة زور أو بلاغ كاذب وغيرهم . فالخداع هو جوهر قيام كلا منهم . ولكن ما هو الموقف القانوني إذ ما وجه هذا الخداع نحو عقيدة القائم على تطبيق القانون : بالطبع يختلف الأمر إذ ما كان الخداع نتاج غلطه الشخصي أو على أثر إحتيال وقع في شباكه. | ||
| 504 | _aيشتمل على إرجاعات ببليوجرافية. | ||
| 546 | _aالنص باللغة العربية | ||
| 650 | 1 | _aالقانون الجنائي | |
| 650 | 1 | _aالعلوم الجنائية | |
| 653 | _aالمظاهر الخارجية | ||
| 856 | 4 | 0 | _uhttps://fll.law.cu.edu.eg/fulltext/bks/B10-08180.pdf |
| 905 | _a43 | ||
| 942 |
_2ddc _n0 _cBK _e21 |
||
| 999 |
_c62360 _d62360 |
||